[Event "Pan American-ch U20 Girls"]
[Site "Asuncion"]
[Date "2025.06.16"]
[Round "5"]
[White "Contreras Huaman, Fiorella Daiana"]
[Black "Adam, Ernestina"]
[Result "1-0"]
[WhiteElo "2305"]
[BlackElo "2192"]
[PlyCount "127"]
[EventDate "2025.06.14"]
[EventType "swiss"]
[EventRounds "9"]
[EventCountry "PAR"]
[SourceTitle "CB26_2025"]
[SourceDate "2025.06.25"]
[SourceVersion "1"]
[SourceVersionDate "2025.06.25"]
[SourceQuality "1"]

1. e4 c5 2. Nf3 d6 3. Bb5+ Nd7 4. 0-0 a6 5. Bd3 Ngf6 6. c3 b5 7. Bc2 Bb7 8. Re1 e6 9. d4 cxd4 10. cxd4 Be7 11. Bd3 0-0 12. Nbd2 Nb6 13. b3 Qd7 14. Qe2 Rac8 15. Bb2 Rfd8 16. h4 Bc6 17. Bc3 Qb7 18. Ba5 Re8 19. a4 Nbd7 20. Nb1 Nb8 21. Nc3 b4 22. Na2 d5 23. e5 Ne4 24. Ng5 h6 25. Nf3 Bd7 26. Rec1 Rxc1+ 27. Rxc1 Nc6 28. Bxa6 Qa7 29. Rxc6 Bxc6 30. Bxb4 Rb8 31. Bxe7 Qxe7 32. Qc2 Rb6 33. Bd3 Qa3 34. Nc1 Qb4 35. Kh2 g6 36. g3 Kg7 37. Kg2 Bb7 38. Bb5 Qe7 39. Nd3 Bc6 40. Bxc6 Qc7 41. b4 Rxc6 42. Nc5 Qb6 43. Qb2 Rc8 44. Qa3 Rb8 45. Nd3 Qa6 46. Nc5 Qe2 47. Nxe4 dxe4 48. Nh2 Rc8 49. Qe3 Qc2 50. a5 Rc3 51. Qf4 e3 52. Ng4 Kf8 53. Nxe3 Qd3 54. Qxh6+ Ke8 55. Qh8+ Kd7 56. Qa8 Qxd4 57. b5 Rc8 58. Qf3 Ke8 59. b6 Qc5 60. Qb7 Rd8 61. a6 Qxe5 62. a7 Qa5 63. Nc4 Qa4 64. Nd6+ 1-0

[Event "American Continental 19th"]
[Site "Foz do Iguacu"]
[Date "2025.05.30"]
[Round "10"]
[White "Piasetski, Leon David"]
[Black "Contreras Huaman, Fiorella Daiana"]
[Result "1/2-1/2"]
[WhiteElo "2153"]
[BlackElo "2341"]
[PlyCount "87"]
[EventDate "2025.05.23"]
[EventType "swiss"]
[EventRounds "11"]
[EventCountry "BRA"]
[SourceTitle "CB23_2025"]
[SourceDate "2025.06.04"]
[SourceVersion "1"]
[SourceVersionDate "2025.06.04"]
[SourceQuality "1"]

1. Nf3 d5 2. e3 Nf6 3. c4 c6 4. b3 Bf5 5. Bb2 e6 6. Nc3 Nbd7 7. Be2 h6 8. d4 Bd6 9. Bd3 Bxd3 10. Qxd3 0-0 11. 0-0 Bb4 12. Rfd1 Bxc3 13. Bxc3 Ne4 14. Bb4 Re8 15. Nd2 a5 16. Ba3 f5 17. Nf1 Qh4 18. Qc2 g6 19. f3 Nef6 20. Bd6 Kh7 21. a4 Nh5 22. Rab1 Qd8 23. Qc3 Nhf6 24. c5 g5 25. b4 axb4 26. Rxb4 Qa5 27. Qb2 Ra7 28. Ra1 Qa6 29. a5 Rc8 30. Qc2 g4 31. Ng3 gxf3 32. gxf3 Rg8 33. Kh1 Kh8 34. Ne2 Raa8 35. Nf4 Rae8 36. Rab1 Rg7 37. Qf2 Qxa5 38. Rxb7 Qc3 39. R7b3 Qc4 40. Nd3 Ra8 41. h3 Kh7 42. Ne5 Qa6 43. Nxd7 Nxd7 44. Bf4 1/2-1/2

[Event "American Continental (Women) 16th"]
[Site "Oaxtepec"]
[Date "2025.05.05"]
[Round "8"]
[White "Contreras Huaman, Fiorella Daiana"]
[Black "Mogollon Tobar, Nicolle Juliet"]
[Result "1/2-1/2"]
[WhiteElo "2341"]
[BlackElo "2065"]
[PlyCount "126"]
[EventDate "2025.05.01"]
[EventType "swiss"]
[EventRounds "9"]
[EventCountry "MEX"]
[SourceTitle "CB19_2025"]
[SourceDate "2025.05.07"]
[SourceVersion "1"]
[SourceVersionDate "2025.05.07"]
[SourceQuality "1"]

1. e4 c5 2. Nc3 Nc6 3. g3 g6 4. Bg2 Bg7 5. d3 d6 6. Nge2 Nf6 7. 0-0 0-0 8. h3 Rb8 9. f4 e6 10. g4 b5 11. g5 Nd7 12. f5 b4 13. f6 bxc3 14. fxg7 Kxg7 15. bxc3 h6 16. h4 hxg5 17. hxg5 e5 18. Ng3 Rh8 19. Rf2 Nf8 20. Be3 Qc7 21. Qe2 Kg8 22. Bf3 Qd7 23. Nf1 Qe7 24. Nh2 Nd8 25. Qd2 Nh7 26. Rg2 Kg7 27. d4 cxd4 28. cxd4 f6 29. gxf6+ Nxf6 30. dxe5 dxe5 31. c4 Ne6 32. Qa5 Qc7 33. Qxc7+ Nxc7 34. Bxa7 Ra8 35. Bc5 Ne6 36. Bd6 Nf4 37. Rc2 Re8 38. Rb1 g5 39. Rb5 Ng6 40. c5 g4 41. Bg2 Be6 42. c6 Rxa2 43. Rxa2 Bxa2 44. c7 Rc8 45. Nf1 Ne8 46. Bxe5+ Nxe5 47. Rxe5 Kf6 48. Rf5+ Ke7 49. Ne3 Rxc7 50. Nxg4 Be6 51. Rg5 Bxg4 52. Rxg4 Ke6 53. Kf2 Rg7 54. Rh4 Nf6 55. Rf4 Rg5 56. Bf3 Ra5 57. Rh4 Ke5 58. Kg3 Ra3 59. Kg2 Ra2+ 60. Kg3 Ra3 61. Kg2 Ra2+ 62. Kg3 Ra3 63. Kg2 Ra2+ 1/2-1/2

[Event "Titled Tuesday intern op 11th Feb Early"]
[Site "Chess.com INT"]
[Date "2025.02.11"]
[Round "7"]
[White "Matveeva, Olga"]
[Black "Contreras Huaman, Fiorella Daiana"]
[Result "1-0"]
[WhiteElo "2181"]
[BlackElo "2246"]
[PlyCount "65"]
[EventDate "2025.02.11"]
[EventType "swiss (blitz)"]
[EventRounds "11"]
[EventCountry "USA"]
[SourceTitle "CB09_2025"]
[SourceDate "2025.02.27"]
[SourceVersion "1"]
[SourceVersionDate "2025.02.27"]
[SourceQuality "1"]

1. d4 d5 2. c4 e6 3. Nf3 a6 4. cxd5 exd5 5. Nc3 h6 6. Bf4 Nf6 7. e3 Bd6 8. Bxd6 Qxd6 9. Bd3 Nc6 10. 0-0 0-0 11. Rc1 Ne7 12. Qc2 g6 13. Ne5 Bf5 14. a3 Bxd3 15. Qxd3 Nf5 16. Na4 Qe7 17. Nc5 Nd6 18. Rfe1 c6 19. f3 Rad8 20. h3 h5 21. Qf1 h4 22. Qf2 Nh5 23. e4 dxe4 24. fxe4 Ng3 25. Ng4 Kg7 26. e5 Ndf5 27. Rcd1 b6 28. Ne4 Rd5 29. Ngf6 Rc8 30. Nxd5 cxd5 31. Nf6 Qa7 32. Nxd5 Qb7 33. Nf6 1-0

[Event "Florianopolis op 11th"]
[Site "Florianopolis"]
[Date "2025.01.26"]
[Round "10"]
[White "Contreras Huaman, Fiorella Daiana"]
[Black "Hessmann, Eduardo Franzoni"]
[Result "1-0"]
[WhiteElo "2170"]
[BlackElo "2012"]
[PlyCount "67"]
[EventDate "2025.01.18"]
[EventType "swiss"]
[EventRounds "10"]
[EventCountry "BRA"]
[SourceTitle "CB05_2025"]
[SourceDate "2025.01.29"]
[SourceVersion "1"]
[SourceVersionDate "2025.01.29"]
[SourceQuality "1"]

1. e4 c5 2. Nc3 Nc6 3. g3 g6 4. Bg2 Bg7 5. d3 e5 6. Nd5 Nge7 7. Bg5 0-0 8. Nf6+ Kh8 9. h4 Qa5+ 10. c3 Ng8 11. Nxg8 Kxg8 12. h5 Qb6 13. Qd2 d6 14. Ne2 Qc7 15. Bh6 f6 16. hxg6 hxg6 17. Bxg7 Qxg7 18. d4 Rd8 19. 0-0-0 b6 20. Qd3 Bg4 21. f3 Bd7 22. dxc5 dxc5 23. Qc4+ Kf8 24. Rd5 Qf7 25. f4 Be6 26. Qb5 Qc7 27. fxe5 Bxd5 28. exd5 Nxe5 29. Nf4 Qd7 30. Ne6+ Kg8 31. Qf1 f5 32. Kb1 Re8 33. Qf4 Ng4 34. Qg5 1-0

[Event "Florianopolis op 11th"]
[Site "Florianopolis"]
[Date "2025.01.24"]
[Round "8"]
[White "Contreras Huaman, Fiorella Daiana"]
[Black "Coro, Lucas"]
[Result "1/2-1/2"]
[WhiteElo "2170"]
[BlackElo "2415"]
[PlyCount "85"]
[EventDate "2025.01.18"]
[EventType "swiss"]
[EventRounds "10"]
[EventCountry "BRA"]
[SourceTitle "CB05_2025"]
[SourceDate "2025.01.29"]
[SourceVersion "1"]
[SourceVersionDate "2025.01.29"]
[SourceQuality "1"]

1. e4 e5 2. Nf3 Nc6 3. Bb5 a6 4. Ba4 Nf6 5. 0-0 d6 6. Re1 Bd7 7. c3 g6 8. d4 Bg7 9. Bxc6 Bxc6 10. dxe5 Nxe4 11. exd6 0-0 12. Nd4 Qxd6 13. Nxc6 Qxc6 14. Qf3 Rfe8 15. Be3 Qb5 16. Qe2 Nd6 17. Na3 Qc6 18. Qc2 Nf5 19. Bf4 Nh4 20. f3 Bf8 21. Bg3 Nf5 22. Bf2 b5 23. Rad1 Bxa3 24. bxa3 Rxe1+ 25. Rxe1 Rd8 26. a4 b4 27. c4 Nd4 28. Qd3 Qxa4 29. Bh4 Rd7 30. Bf6 Ne6 31. Qe4 c6 32. Qf4 Rd1 33. Qb8+ Nf8 34. Kf1 Rxe1+ 35. Kxe1 Qa3 36. Qd8 Qxa2 37. Be7 Qa1+ 38. Kf2 Qg7 39. Bf6 Qh6 40. Bg5 Qxh2 41. Be7 Qh6 42. Bg5 Qh2 43. Be7 1/2-1/2

[Event "American Continental (Women) 15th"]
[Site "Santo Domingo"]
[Date "2024.11.29"]
[Round "9"]
[White "Caballero Quijano, Mitzy Mishell"]
[Black "Contreras Huaman, Fiorella Daiana"]
[Result "1/2-1/2"]
[WhiteElo "2034"]
[BlackElo "2193"]
[PlyCount "153"]
[EventDate "2024.11.24"]
[EventType "swiss"]
[EventRounds "9"]
[EventCountry "DOM"]
[SourceTitle "CB49_2024"]
[SourceDate "2024.12.04"]
[SourceVersion "1"]
[SourceVersionDate "2024.12.04"]
[SourceQuality "1"]

1. d4 d5 2. Nf3 Nf6 3. c4 c6 4. g3 Bf5 5. Nc3 e6 6. Nh4 Be4 7. f3 Bg6 8. Nxg6 hxg6 9. Qb3 Qd7 10. Bg2 dxc4 11. Qxc4 b5 12. Qd3 Na6 13. Be3 Nb4 14. Qd2 Nfd5 15. Bf2 Nb6 16. Rd1 Be7 17. a3 Nc4 18. Qc1 Nd5 19. Ne4 Qc7 20. Nc5 Bxc5 21. dxc5 Qa5+ 22. Kf1 0-0-0 23. Rd3 Rd7 24. Kg1 Rhd8 25. Bf1 Ne5 26. Rd4 Nf6 27. Be1 Qc7 28. Rxd7 Qxd7 29. Bc3 Qd5 30. Bxe5 Qxe5 31. e3 g5 32. Be2 g4 33. Kf2 gxf3 34. Bxf3 Ne4+ 35. Bxe4 Qxe4 36. Re1 Rd5 37. b4 Qd3 38. e4 Rd4 39. Re3 Qd2+ 40. Qxd2 Rxd2+ 41. Re2 Rd4 42. Ke3 Rd1 43. Rd2 Re1+ 44. Kf4 Rf1+ 45. Ke5 Kc7 46. Rd3 Rf2 47. h4 Rf1 48. g4 a5 49. h5 Rg1 50. Kf4 a4 51. e5 Rb1 52. g5 Rb3 53. Ke4 Rb1 54. Rf3 Re1+ 55. Kf4 Kd7 56. h6 gxh6 57. gxh6 Rh1 58. Kg5 Ke7 59. Rg3 Kf8 60. Rg4 Re1 61. h7 Kg7 62. Rh4 Rxe5+ 63. Kf4 Rf5+ 64. Ke4 Kh8 65. Rh3 Rg5 66. Rd3 Kxh7 67. Rd6 Rg3 68. Rxc6 Rxa3 69. Rb6 Rb3 70. Rxb5 a3 71. Ke5 Kg6 72. c6 a2 73. Ra5 Rxb4 74. Rxa2 Rc4 75. Rg2+ Kh5 76. Rg7 Rxc6 77. Rxf7 1/2-1/2

[Event "American Continental (Women) 15th"]
[Site "Santo Domingo"]
[Date "2024.11.24"]
[Round "1"]
[White "Valencia Quinchia, Isabella"]
[Black "Contreras Huaman, Fiorella Daiana"]
[Result "0-1"]
[WhiteElo "1848"]
[BlackElo "2193"]
[PlyCount "88"]
[EventDate "2024.11.24"]
[EventType "swiss"]
[EventRounds "9"]
[EventCountry "DOM"]
[SourceTitle "CB49_2024"]
[SourceDate "2024.12.04"]
[SourceVersion "1"]
[SourceVersionDate "2024.12.04"]
[SourceQuality "1"]

1. e4 c6 2. d4 d5 3. e5 c5 4. dxc5 e6 5. a3 Bxc5 6. Nf3 Nc6 7. Bd3 Qc7 8. Qe2 Nge7 9. Bf4 h6 10. 0-0 g5 11. Bg3 Nf5 12. Bxf5 exf5 13. Nc3 Be6 14. b4 Be7 15. Nb5 Qb6 16. h3 a6 17. Nc3 d4 18. Nd1 h5 19. Nd2 f4 20. Bh2 0-0-0 21. Nb2 Qc7 22. Nd3 Rd5 23. Rfe1 Bf5 24. Qf3 Rdd8 25. h4 Bg4 26. Qe4 Rhe8 27. f3 Bd7 28. Qh7 Be6 29. Qe4 Bd5 30. Qf5+ Be6 31. Qe4 f6 32. exf6 Bxf6 33. Qg6 Qg7 34. Qxg7 Bxg7 35. hxg5 Bf5 36. Ne4 Ne5 37. Nxf4 d3 38. Nxh5 Nxf3+ 39. gxf3 Bxa1 40. Nd6+ Rxd6 41. Rxe8+ Kd7 42. Bxd6 d2 43. Nf6+ Bxf6 44. gxf6 d1Q+ 0-1

[Event "Titled Tuesday intern op 03rd Sep Late"]
[Site "Chess.com INT"]
[Date "2024.09.03"]
[Round "10"]
[White "Clawitter, Craig"]
[Black "Contreras Huaman, Fiorella Daiana"]
[Result "1-0"]
[WhiteElo "2050"]
[BlackElo "2168"]
[PlyCount "79"]
[EventDate "2024.09.03"]
[EventType "swiss (blitz)"]
[EventRounds "11"]
[EventCountry "USA"]
[SourceTitle "EXT 2025"]
[Source "ChessBase"]
[SourceDate "2024.10.14"]
[SourceVersion "1"]
[SourceVersionDate "2024.10.14"]
[SourceQuality "1"]

1. e4 c6 2. d4 d5 3. e5 c5 4. dxc5 e6 5. Nf3 Bxc5 6. Bd3 Nc6 7. a3 f6 8. b4 Bb6 9. Bb2 fxe5 10. Nxe5 Qf6 11. 0-0 Nxe5 12. Qh5+ Qf7 13. Qxe5 Nf6 14. h3 0-0 15. Nc3 Bc7 16. Qg5 e5 17. Nb5 e4 18. Bxf6 exd3 19. Bxg7 Qxg7 20. Qxg7+ Kxg7 21. Nxc7 Bf5 22. Nxa8 dxc2 23. Nc7 d4 24. Nd5 d3 25. Ne3 Bg6 26. Rac1 Rc8 27. f4 d2 28. f5 dxc1Q 29. Rxc1 Bf7 30. Rxc2 Rxc2 31. Nxc2 Kf6 32. Ne3 Ke5 33. Kf2 h5 34. Kf3 h4 35. Kg4 Ke4 36. Kxh4 Kxe3 37. Kg5 Ke4 38. g4 Ke5 39. Kh6 Kf6 40. h4 1-0

[Event "Titled Tuesday intern op 03rd Sep Late"]
[Site "Chess.com INT"]
[Date "2024.09.03"]
[Round "1"]
[White "Contreras Huaman, Fiorella Daiana"]
[Black "Padmini, Rout"]
[Result "0-1"]
[WhiteElo "2168"]
[BlackElo "2328"]
[PlyCount "80"]
[EventDate "2024.09.03"]
[EventType "swiss (blitz)"]
[EventRounds "11"]
[EventCountry "USA"]
[SourceTitle "EXT 2025"]
[Source "ChessBase"]
[SourceDate "2024.10.14"]
[SourceVersion "1"]
[SourceVersionDate "2024.10.14"]
[SourceQuality "1"]

1. e4 c5 2. Nc3 Nc6 3. g3 g6 4. Bg2 Bg7 5. d3 e6 6. Be3 d6 7. Qd2 h5 8. h3 Rb8 9. f4 Nge7 10. Nf3 Nd4 11. 0-0 Nec6 12. Qf2 Bd7 13. e5 dxe5 14. fxe5 Nxf3+ 15. Bxf3 Nxe5 16. Bxc5 Nxf3+ 17. Qxf3 f5 18. Rae1 Kf7 19. Qe3 Re8 20. Ne4 Kg8 21. Nd6 Re7 22. Bxa7 Bc6 23. Bxb8 Qxb8 24. Nc4 e5 25. d4 e4 26. c3 Bb5 27. b3 Qc7 28. Qf4 Qc6 29. Re3 Kh7 30. Rd1 Bxc4 31. bxc4 Bh6 32. Qf2 Bxe3 33. Qxe3 Qxc4 34. d5 Rd7 35. d6 Qxa2 36. Qc5 Qe6 37. Rd4 e3 38. Kf1 Qa2 39. Ke1 Qf2+ 40. Kd1 e2+ 0-1